000 00584nam a2200241Ia 4500
003 OSt
005 20220924150210.0
006 a|||||r|||| 00| 0
007 ta
008 220923b |||||||| |||| 00| 0 tel d
020 _c45.00
024 _a332246
037 _cTextual
040 _aARTS
_cARTS
_btel
041 _2tel
_atel
082 _a035,1:g, M8
100 _aHari R. Au.
_9221488
245 0 _aBhaskara Ramayanamu
260 _c1988
650 _aTELUGU LITERATURE
942 _h035,1:g, M8
_cTEXL
_2CC
999 _c462527
_d462527